000 00500nam a22001577a 4500
005 20231027073257.0
008 231027b |||||||| |||| 00| 0 eng d
041 _aEnglish
082 _a348 WAR
100 _aWarner, HW
_lEnglish
245 _aA Digest of South African Native Civil Case Law 1894-1957 /
_cHW Warner
260 _aCape Town :
_bJuta and Company Ltd,
_c1961
300 _bxii, 490 pages ;
_c26 cm.
650 _aLegal practice
_bLaw
942 _cBK
_6ALISON_BN_VRIES
999 _c105
_d105